[Event "WC-2015-Q-00020"]
[Site "LSS email"]
[Date "2012.09.11"]
[Round "?"]
[White "Burkett, Max"]
[Black "Koch, Christian"]
[Result "1/2-1/2"]
[WhiteElo "2122"]
[BlackElo "2168"]
[PlyCount "90"]
[EventDate "2012.09.17"]
[EventType "tourn (corr)"]
[EventRounds "10"]
[EventCountry "GER"]
[SourceTitle "Telechess CBM 161"]
[Source "ChessBase"]
[SourceDate "2014.07.16"]
[SourceVersion "1"]
[SourceVersionDate "2014.07.16"]
[SourceQuality "1"]

1. e4 e5 2. Bc4 Nf6 3. d4 exd4 4. Nf3 Nc6 5. e5 d5 6. Bb5 Ne4 7. Nxd4 Bd7 8. Bxc6 bxc6 9. 0-0 Bc5 10. f3 Ng5 11. f4 Ne4 12. Be3 Bb6 13. Nd2 Nxd2 14. Qxd2 c5 15. Nf3 d4 16. Bf2 Bc6 17. f5 Bxf3 18. gxf3 Qd5 19. Qg5 c4 20. Kg2 h6 21. Qg4 0-0-0 22. f6+ Kb7 23. fxg7 Rhg8 24. a4 h5 25. Qg3 Rde8 26. Rfe1 Re6 27. Qf4 Rg6+ 28. Bg3 Rg4 29. Qf5 a5 30. Qxh5 R8xg7 31. Rad1 f6 32. Qf5 R4g5 33. Qe4 Rxe5 34. Qxd5+ Rxd5 35. f4 Rd6 36. Kf3 Rgd7 37. Bf2 d3 38. Bxb6 Kxb6 39. Rd2 Kc5 40. h4 Kb4 41. h5 Rh7 42. Kg4 Kxa4 43. Rh1 Kb4 44. h6 a4 45. c3+ Kc5 1/2-1/2

[Event "SM-2011-0-00188"]
[Site "LSS email"]
[Date "2012.01.30"]
[Round "?"]
[White "Burkett, Max"]
[Black "Lubas, Jozef"]
[Result "1/2-1/2"]
[WhiteElo "2139"]
[BlackElo "2221"]
[PlyCount "113"]
[EventDate "2011.12.24"]
[EventType "tourn (corr)"]
[EventRounds "6"]
[EventCountry "GER"]
[SourceTitle "Telechess CBM 165"]
[Source "ChessBase"]
[SourceDate "2015.03.11"]
[SourceVersion "1"]
[SourceVersionDate "2015.03.11"]
[SourceQuality "1"]

1. e4 e5 2. Bc4 Nf6 3. d4 exd4 4. Nf3 Nc6 5. e5 d5 6. Bb5 Ne4 7. Nxd4 Bd7 8. Bxc6 bxc6 9. 0-0 Be7 10. f3 Nc5 11. f4 0-0 12. f5 Ne4 13. Nc3 Nxc3 14. bxc3 c5 15. Nb3 c4 16. Nd4 c5 17. Ne2 Re8 18. Ng3 Qc7 19. Bf4 Qc6 20. Qg4 Kh8 21. Rae1 Bf8 22. Nh5 Qg6 23. fxg6 Bxg4 24. gxf7 Re6 25. Ng3 Rb6 26. Ne2 Be6 27. Bc1 Rb7 28. Nf4 Bxf7 29. e6 Bg8 30. Nxd5 Re8 31. Rf2 Bd6 32. Rfe2 Rb1 33. Kf2 h6 34. g3 a5 35. Kf3 Rf8+ 36. Kg2 Re8 37. a3 Kh7 38. Re4 Kg6 39. h4 Bb8 40. Kf2 Kh7 41. h5 Bd6 42. R4e2 a4 43. Re4 Kh8 44. Kf3 Kh7 45. g4 Kh8 46. Bf4 Rxe1 47. Rxe1 Rxe6 48. Rxe6 Bxe6 49. Nb6 Be7 50. Be3 Kh7 51. Nxa4 g6 52. Nb6 Bf6 53. a4 Bxc3 54. Bxc5 Ba5 55. Ke4 Bxg4 56. Nxc4 Bf5+ 57. Ke5 1/2-1/2

[Event "SM-2011-0-00188"]
[Site "LSS email"]
[Date "2012.01.29"]
[Round "?"]
[White "Mueller Alves, Martin"]
[Black "Burkett, Max"]
[Result "1/2-1/2"]
[WhiteElo "2326"]
[BlackElo "2139"]
[PlyCount "73"]
[EventDate "2011.12.24"]
[EventType "tourn (corr)"]
[EventRounds "6"]
[EventCountry "GER"]
[SourceTitle "Telechess CBM 165"]
[Source "ChessBase"]
[SourceDate "2015.03.11"]
[SourceVersion "1"]
[SourceVersionDate "2015.03.11"]
[SourceQuality "1"]
[WhiteTeam "Canada"]
[WhiteTeamCountry "CAN"]

1. e4 e5 2. Nf3 Nc6 3. Bb5 a6 4. Ba4 d6 5. c3 Bd7 6. 0-0 Nge7 7. d4 Ng6 8. Be3 Be7 9. Nbd2 h6 10. d5 Nb8 11. Bc2 Bg5 12. Nxg5 hxg5 13. f3 Nf4 14. g3 Qf6 15. Kh1 Qh6 16. Rf2 Nh5 17. Qg1 Bh3 18. c4 Nd7 19. Ba4 g6 20. g4 f5 21. gxh5 f4 22. Bxf4 gxf4 23. Qxg6+ Ke7 24. Bxd7 Qxg6 25. hxg6 Kxd7 26. Rg1 Rag8 27. Re2 Ke7 28. Nb3 b6 29. Nc1 Kf6 30. g7 Rh7 31. Ree1 Bd7 32. Nd3 Be8 33. Rg2 Bh5 34. Rf1 Rhxg7 35. Rxg7 Rxg7 36. b3 a5 37. a4 1/2-1/2

[Event "CP-2011-P-00049"]
[Site "LSS email"]
[Date "2011.09.30"]
[Round "?"]
[White "Burkett, Max"]
[Black "Schubert, Steffen"]
[Result "1-0"]
[WhiteElo "2139"]
[BlackElo "1964"]
[PlyCount "65"]
[EventDate "2011.10.01"]
[EventType "tourn (corr)"]
[EventRounds "6"]
[EventCountry "GER"]
[SourceTitle "Telechess CBM 165"]
[Source "ChessBase"]
[SourceDate "2015.03.11"]
[SourceVersion "1"]
[SourceVersionDate "2015.03.11"]
[SourceQuality "1"]

1. e4 e5 2. Bc4 Nf6 3. d4 exd4 4. Nf3 Nxe4 5. Qxd4 Nf6 6. Nc3 Be7 7. Bg5 0-0 8. 0-0-0 h6 9. Bxh6 gxh6 10. Qf4 Kg7 11. g4 Nh7 12. h4 c6 13. g5 d5 14. Rhg1 Kh8 15. Bd3 Be6 16. Qe5+ Bf6 17. gxf6 Qxf6 18. Qe3 Bf5 19. Bxf5 Qxf5 20. Qxh6 Qf6 21. Qh5 Nd7 22. Kb1 Rae8 23. Rg5 Re6 24. Nd4 Re5 25. a4 Rxg5 26. hxg5 Qxg5 27. Qh2 Rc8 28. Rh1 Ndf8 29. f4 Qg6 30. Nf3 f6 31. Ne2 Qe8 32. Ned4 c5 33. Qh4 1-0

[Event "CP-2011-P-00049"]
[Site "LSS email"]
[Date "2011.09.30"]
[Round "?"]
[White "Malyszek, Tomasz"]
[Black "Burkett, Max"]
[Result "0-1"]
[WhiteElo "968"]
[BlackElo "2139"]
[PlyCount "74"]
[EventDate "2011.10.01"]
[EventType "tourn (corr)"]
[EventRounds "6"]
[EventCountry "GER"]
[SourceTitle "Telechess CBM 165"]
[Source "ChessBase"]
[SourceDate "2015.03.11"]
[SourceVersion "1"]
[SourceVersionDate "2015.03.11"]
[SourceQuality "1"]

1. e4 b6 2. Nf3 Bb7 3. Nc3 Nf6 4. e5 Nd5 5. Bc4 Nxc3 6. dxc3 e6 7. Bg5 Be7 8. Qd2 Bxf3 9. Bxe7 Qxe7 10. gxf3 Nc6 11. f4 f6 12. exf6 Qxf6 13. 0-0-0 0-0-0 14. Ba6+ Kb8 15. c4 Rhf8 16. Rhg1 g6 17. Rg4 h5 18. Rg5 Qxf4 19. Qxf4 Rxf4 20. Rxg6 Rxf2 21. Bb5 Kb7 22. Bxc6+ Kxc6 23. b4 Rxh2 24. Rxe6+ dxe6 25. Rxd8 e5 26. Kb2 Rh4 27. Kb3 Rh3+ 28. c3 h4 29. a4 e4 30. b5+ Kb7 31. Kb4 e3 32. Rd1 e2 33. Re1 Re3 34. Kb3 h3 35. Kc2 Rg3 36. Kd2 Rg2 37. Rh1 h2 0-1

[Event "BI-2010-F-00002"]
[Site "LSS email"]
[Date "2011.02.21"]
[Round "?"]
[White "Burkett, Max"]
[Black "Markus, Roland"]
[Result "1-0"]
[WhiteElo "2145"]
[BlackElo "2197"]
[PlyCount "75"]
[EventDate "2011.02.24"]
[EventType "tourn (corr)"]
[EventRounds "10"]
[EventCountry "GER"]
[SourceTitle "Telechess CBM 157"]
[Source "ChessBase"]
[SourceDate "2013.11.12"]
[SourceVersion "1"]
[SourceVersionDate "2013.11.12"]
[SourceQuality "1"]

1. e4 c6 2. d4 d5 3. e5 c5 4. dxc5 Nc6 5. Bb5 e6 6. Be3 Nge7 7. c3 Bd7 8. Bxc6 Bxc6 9. Bd4 Nf5 10. Ne2 Be7 11. Nd2 0-0 12. 0-0 Qc7 13. Re1 Bb5 14. b4 a5 15. a3 Ra6 16. Nb3 axb4 17. cxb4 Ba4 18. Rb1 Bb5 19. Bb2 Bc4 20. Nbd4 Nxd4 21. Nxd4 Rfa8 22. Qg4 Qd8 23. Re3 g6 24. Rg3 Bh4 25. Rh3 Be7 26. Re1 Bf8 27. Qf4 Bg7 28. Rf3 Qc7 29. h4 h6 30. Rg3 h5 31. Rf3 Qd7 32. g4 hxg4 33. Qxg4 Qe8 34. h5 Rc8 35. Rg3 Rc7 36. f4 Re7 37. Kf2 Bb5 38. Qh4 1-0

[Event "BI-2010-F-00002"]
[Site "LSS email"]
[Date "2011.02.21"]
[Round "?"]
[White "Dvoinikov, Andrey Nikolaevich"]
[Black "Burkett, Max"]
[Result "1-0"]
[WhiteElo "2450"]
[BlackElo "2145"]
[PlyCount "91"]
[EventDate "2011.02.24"]
[EventType "tourn (corr)"]
[EventRounds "10"]
[EventCountry "GER"]
[SourceTitle "Telechess CBM 157"]
[Source "ChessBase"]
[SourceDate "2013.11.12"]
[SourceVersion "1"]
[SourceVersionDate "2013.11.12"]
[SourceQuality "1"]

1. e4 e5 2. Nf3 Nc6 3. Bb5 a6 4. Ba4 Nf6 5. 0-0 Nxe4 6. d4 b5 7. Bb3 d5 8. dxe5 Be6 9. Nbd2 Bc5 10. Qe2 Nxd2 11. Bxd2 0-0 12. Rad1 Bg4 13. Be3 d4 14. Bf4 Na5 15. h3 Bxf3 16. Qxf3 Nxb3 17. axb3 Qe7 18. Bg3 Qe6 19. Qd3 Qg6 20. f4 Qxd3 21. Rxd3 Bb6 22. Bf2 c5 23. c3 Rfd8 24. cxd4 cxd4 25. Rfd1 Rac8 26. g4 Rc2 27. R1d2 Rxd2 28. Rxd2 Kf8 29. Kg2 Rc8 30. Kf3 Ke7 31. Ke4 a5 32. Bxd4 Bxd4 33. Rxd4 Rc2 34. Rd5 b4 35. Rxa5 Rxb2 36. Ra7+ Kf8 37. f5 Rxb3 38. g5 Rb1 39. f6 gxf6 40. gxf6 Ke8 41. Re7+ Kf8 42. Rb7 Ke8 43. Kf5 b3 44. Kg5 b2 45. Kh6 Kd8 46. Kxh7 1-0

[Event "WC-2015-P-00010"]
[Site "LSS email"]
[Date "2011.02.20"]
[Round "?"]
[White "Burkett, Max"]
[Black "Abbey, William"]
[Result "1-0"]
[WhiteElo "2145"]
[BlackElo "1982"]
[PlyCount "95"]
[EventDate "2011.02.24"]
[EventType "tourn (corr)"]
[EventRounds "6"]
[EventCountry "GER"]
[SourceTitle "Telechess CBM 157"]
[Source "ChessBase"]
[SourceDate "2013.11.12"]
[SourceVersion "1"]
[SourceVersionDate "2013.11.12"]
[SourceQuality "1"]

1. e4 c5 2. Nf3 Nc6 3. d4 cxd4 4. Nxd4 e5 5. Nb5 d6 6. N1c3 a6 7. Na3 Be6 8. Nc4 Nf6 9. Bg5 Rb8 10. a4 h6 11. Bxf6 Qxf6 12. Be2 Qg6 13. 0-0 Rd8 14. Nd5 Qxe4 15. Nc7+ Kd7 16. Nxe6 fxe6 17. c3 d5 18. b4 Ke8 19. Ne3 Bd6 20. b5 Nb8 21. c4 d4 22. Bd3 Qf4 23. g3 Qg5 24. h4 Qe7 25. c5 Bxc5 26. Qh5+ Kf8 27. Nc4 Bd6 28. Nxd6 Qxd6 29. Qf3+ Ke7 30. Qxb7+ Rd7 31. Qe4 Rf8 32. Qh7 Kd8 33. Rfc1 axb5 34. axb5 Rdf7 35. Rc2 Nd7 36. Rc6 Qb8 37. Ra2 Qb7 38. Qe4 Rf6 39. b6 Qb8 40. Qe1 Rf3 41. Qb1 Ke7 42. Qb4+ Kf7 43. Be4 Rc3 44. Ra7 Rd8 45. Rcc7 Qxc7 46. Rxc7 Rxc7 47. bxc7 Rh8 48. h5 1-0

[Event "CP-2010-P-00068"]
[Site "LSS email"]
[Date "2010.09.28"]
[Round "?"]
[White "Gonzalez Morales, Eduardo Ivan"]
[Black "Burkett, Max"]
[Result "0-1"]
[WhiteElo "1429"]
[BlackElo "2131"]
[PlyCount "44"]
[EventDate "2010.10.01"]
[EventType "tourn (corr)"]
[EventRounds "6"]
[EventCountry "GER"]
[SourceTitle "Telechess CBM 151"]
[Source "ChessBase"]
[SourceDate "2012.11.13"]
[SourceVersion "1"]
[SourceVersionDate "2012.11.13"]
[SourceQuality "1"]

1. Nc3 c5 2. d3 d5 3. e3 Nf6 4. Nf3 Nc6 5. b3 e5 6. Bb2 Bd6 7. Be2 a6 8. 0-0 b5 9. d4 cxd4 10. exd4 e4 11. Ne1 Qc7 12. h3 0-0 13. Qd2 Bf4 14. Qd1 Be6 15. a3 Rfe8 16. Na2 e3 17. fxe3 Bxe3+ 18. Kh1 Ne4 19. Rf3 Ng3+ 20. Rxg3 Qxg3 21. Bc1 Bxh3 22. Bf3 Bxg2+ 0-1

[Event "LSS WC-2013-S-00005"]
[Site "LSS email"]
[Date "2010.07.20"]
[Round "?"]
[White "Burkett, Max"]
[Black "Helmer, Janos"]
[Result "0-1"]
[WhiteElo "2117"]
[BlackElo "2143"]
[PlyCount "60"]
[EventDate "2010.07.25"]
[EventType "tourn (corr)"]
[EventRounds "10"]
[EventCountry "GER"]
[SourceTitle "Telechess CBM 147"]
[Source "ChessBase"]
[SourceDate "2012.03.16"]
[SourceVersion "1"]
[SourceVersionDate "2012.03.16"]
[SourceQuality "1"]

1. e4 c5 2. Nf3 d6 3. d4 cxd4 4. Nxd4 Nf6 5. Nc3 g6 6. Bc4 Bg7 7. f3 Nc6 8. Be3 0-0 9. Bb3 Nxd4 10. Bxd4 Be6 11. 0-0 a5 12. Bxe6 fxe6 13. Nb5 Nh5 14. c4 Qc8 15. Bxg7 Kxg7 16. Qc2 Qc5+ 17. Kh1 e5 18. g3 a4 19. Kg2 Nf6 20. Rac1 Qc6 21. Qd2 Nd7 22. h4 Rf7 23. Rc3 Nc5 24. Re1 Raf8 25. Ra3 h6 26. Re2 Qc8 27. Ree3 g5 28. hxg5 hxg5 29. Re1 Ne6 30. Qc1 Rh8 0-1

[Event "LSS WC-2013-S-00005"]
[Site "LSS email"]
[Date "2010.07.20"]
[Round "?"]
[White "Burkett, Max"]
[Black "Majer, Damir"]
[Result "1/2-1/2"]
[WhiteElo "2168"]
[BlackElo "2272"]
[PlyCount "91"]
[EventDate "2010.07.25"]
[EventType "tourn (corr)"]
[EventRounds "10"]
[EventCountry "GER"]
[SourceTitle "Telechess CBM 143"]
[Source "ChessBase"]
[SourceDate "2011.07.15"]
[SourceVersion "1"]
[SourceVersionDate "2011.07.15"]
[SourceQuality "1"]

1. e4 e6 2. d4 d5 3. Nc3 dxe4 4. Nxe4 Nd7 5. Nf3 Ngf6 6. Nxf6+ Nxf6 7. Bd3 c5 8. Be3 Qc7 9. Qe2 Be7 10. 0-0-0 0-0 11. dxc5 Nd5 12. Bd4 Nf4 13. Qe4 Nxd3+ 14. Rxd3 f6 15. Rhd1 e5 16. Qd5+ Kh8 17. Nxe5 fxe5 18. Bxe5 Qc6 19. Qxc6 bxc6 20. Bd6 Bxd6 21. Rxd6 Bf5 22. f3 Rac8 23. Re1 Kg8 24. Kd2 Bg6 25. Re5 Rfe8 26. Ree6 Rxe6 27. Rxe6 Kf8 28. Rd6 Be8 29. Kc3 Rc7 30. a4 Re7 31. Rd8 Re2 32. b4 Rxg2 33. b5 Ke7 34. Rb8 cxb5 35. axb5 Rxh2 36. Rb7+ Ke6 37. c6 Rh5 38. Kd3 Kd6 39. c4 a6 40. c7 Bd7 41. bxa6 Rf5 42. c8Q Bxc8 43. Rxg7 Rxf3+ 44. Ke2 Ra3 45. Rxh7 Bg4+ 46. Kd2 1/2-1/2

[Event "LSS WC-2013-S-00005"]
[Site "LSS email"]
[Date "2010.07.20"]
[Round "?"]
[White "Burkett, Max"]
[Black "Szabo, Vilmos"]
[Result "0-1"]
[WhiteElo "2117"]
[BlackElo "2342"]
[PlyCount "166"]
[EventDate "2010.07.25"]
[EventType "tourn (corr)"]
[EventRounds "10"]
[EventCountry "GER"]
[SourceTitle "Telechess CBM 147"]
[Source "ChessBase"]
[SourceDate "2012.03.16"]
[SourceVersion "1"]
[SourceVersionDate "2012.03.16"]
[SourceQuality "1"]

1. e4 e5 2. Bc4 Nf6 3. d4 exd4 4. Nf3 Nxe4 5. Qxd4 Nf6 6. Nc3 Nc6 7. Qh4 Bb4 8. 0-0 Bxc3 9. bxc3 0-0 10. Bg5 h6 11. Bxh6 gxh6 12. Qxh6 d5 13. Rad1 Re8 14. Bd3 Ng4 15. Qh7+ Kf8 16. Qh8+ Ke7 17. Rfe1+ Be6 18. Qh3 Nf6 19. Bf5 Rh8 20. Nh4 Qg8 21. c4 d4 22. Ng6+ fxg6 23. Qa3+ Kd8 24. Bxe6 Qf8 25. Qg3 Nd7 26. c3 Qf6 27. Bh3 Rf8 28. cxd4 Ne7 29. Re4 Nf5 30. Qb3 Rb8 31. c5 Qf7 32. Qa4 b5 33. Qa3 b4 34. Qc1 c6 35. d5 cxd5 36. c6 Rc8 37. Rxb4 Qf6 38. Rc4 Nb6 39. c7+ Kd7 40. Rc5 Qd6 41. a4 Rxc7 42. Rxc7+ Qxc7 43. Qh6 Qd6 44. Qg7+ Ke8 45. Qxa7 Ne7 46. Bg4 Nd7 47. Bf3 Kf7 48. Qd4 Rc8 49. a5 Ne5 50. Be2 Rc2 51. Bf1 N5c6 52. Qa4 Rc5 53. a6 Ra5 54. Qh4 Kg7 55. Re1 d4 56. Qh3 Rh5 57. Re6 Qc7 58. Qg3 Qxg3 59. fxg3 Rc5 60. h4 Kf7 61. Re1 Ra5 62. Bc4+ Kf6 63. Rf1+ Ke5 64. g4 Ke4 65. Re1+ Kf4 66. Kf2 Kxg4 67. Re4+ Kf5 68. Re2 Ra4 69. Be6+ Kf6 70. Ra2 Rb4 71. Bg4 Na7 72. Bf3 Nf5 73. h5 gxh5 74. Bxh5 Nd6 75. Bf3 Nc4 76. Ra1 Rb2+ 77. Kg3 d3 78. Rh1 d2 79. Kf4 Rb8 80. Rh6+ Ke7 81. Bh5 Nb5 82. a7 Rf8+ 83. Ke4 Rd8 0-1

[Event "LSS WC-2013-S-00005"]
[Site "LSS email"]
[Date "2010.07.20"]
[Round "?"]
[White "Dziedzina, Michael"]
[Black "Burkett, Max"]
[Result "1/2-1/2"]
[WhiteElo "2257"]
[BlackElo "2165"]
[PlyCount "97"]
[EventDate "2010.07.25"]
[EventType "tourn (corr)"]
[EventRounds "10"]
[EventCountry "GER"]
[SourceTitle "Telechess CBM 143"]
[Source "ChessBase"]
[SourceDate "2011.07.15"]
[SourceVersion "1"]
[SourceVersionDate "2011.07.15"]
[SourceQuality "1"]

1. e4 e5 2. Nf3 Nc6 3. Bb5 a6 4. Ba4 Nf6 5. 0-0 Nxe4 6. d4 b5 7. Bb3 d5 8. dxe5 Be6 9. Nbd2 Bc5 10. Qe2 Nxd2 11. Bxd2 0-0 12. Rad1 Bg4 13. Qd3 Bxf3 14. Qxf3 Nxe5 15. Qf5 Re8 16. Bg5 Qc8 17. Qxc8 Raxc8 18. Rxd5 Bb6 19. Bf4 Ng6 20. Bg3 Ne7 21. Rd7 Rcd8 22. Rfd1 Rxd7 23. Rxd7 c5 24. c3 c4 25. Bc2 Nf5 26. Kf1 Nxg3+ 27. hxg3 g6 28. Rd6 Rb8 29. Be4 Kf8 30. g4 a5 31. Rd7 Rd8 32. Bc6 Rxd7 33. Bxd7 b4 34. Bb5 bxc3 35. bxc3 Ke7 36. Bxc4 f5 37. gxf5 gxf5 38. Ke2 f4 39. f3 Bg1 40. Kd3 Kd6 41. Ke4 Kc5 42. Bb3 Bh2 43. Kf5 Bg3 44. Kg5 Bh2 45. Kh6 Bg3 46. a3 Be1 47. Kg5 Bg3 48. Bg8 Bh2 49. Kf5 1/2-1/2

[Event "LSS BI-2010-P-00033"]
[Site "LSS email"]
[Date "2010.04.19"]
[Round "?"]
[White "Burkett, Max"]
[Black "Varend, Erik"]
[Result "1/2-1/2"]
[WhiteElo "2150"]
[BlackElo "1400"]
[PlyCount "66"]
[EventDate "2010.04.22"]
[EventType "tourn (corr)"]
[EventRounds "10"]
[EventCountry "GER"]
[SourceTitle "Telechess CBM 141"]
[Source "ChessBase"]
[SourceDate "2011.03.17"]
[SourceVersion "1"]
[SourceVersionDate "2011.03.17"]
[SourceQuality "1"]

1. e4 c5 2. Nf3 d6 3. d4 cxd4 4. Nxd4 Nf6 5. Nc3 g6 6. Bc4 Bg7 7. f3 Qb6 8. Bb5+ Bd7 9. Be3 Qc7 10. Qd2 a6 11. Be2 Nc6 12. g4 h6 13. h4 b5 14. Nxc6 Bxc6 15. Nd5 Qb7 16. Nb6 Rd8 17. 0-0-0 d5 18. Qd4 0-0 19. e5 Ne8 20. f4 f6 21. Rhf1 Qc7 22. Qc5 fxe5 23. Nxd5 Rxd5 24. Rxd5 exf4 25. Bd2 Bxd5 26. Qxd5+ Kh7 27. Bd3 Qe5 28. Qb3 Nf6 29. Bxf4 Qd5 30. Qxd5 Nxd5 31. Bd2 Rxf1+ 32. Bxf1 Bd4 33. c4 Ne3 1/2-1/2

[Event "LSS BI-2010-P-00033"]
[Site "LSS email"]
[Date "2010.04.19"]
[Round "?"]
[White "Burkett, Max"]
[Black "Wisham, Clyde"]
[Result "1-0"]
[WhiteElo "2161"]
[BlackElo "1846"]
[PlyCount "47"]
[EventDate "2010.04.22"]
[EventType "tourn (corr)"]
[EventRounds "10"]
[EventCountry "GER"]
[SourceTitle "Telechess CBM 145"]
[Source "Chessbase"]
[SourceDate "2011.11.11"]
[SourceVersion "1"]
[SourceVersionDate "2011.11.11"]
[SourceQuality "1"]

1. e4 e6 2. d4 d5 3. Nc3 Nf6 4. Bg5 Bb4 5. e5 h6 6. Bc1 Ne4 7. Qg4 g6 8. Nge2 c5 9. a3 Ba5 10. dxc5 Nc6 11. b4 Nxe5 12. Qh3 Bc7 13. Nxe4 dxe4 14. Bb2 a5 15. Nc3 axb4 16. Nxe4 bxa3 17. Bb5+ Kf8 18. Rxa3 Ra5 19. Rxa5 Bxa5+ 20. Ke2 Qd5 21. Qe3 Nc4 22. Bxc4 Qxc4+ 23. Qd3 Qxd3+ 24. cxd3 1-0

[Event "LSS SA-2010-0-00118"]
[Site "LSS email"]
[Date "2010.02.15"]
[Round "?"]
[White "Almeida, Ramiro da Costa"]
[Black "Burkett, Max"]
[Result "1/2-1/2"]
[WhiteElo "2098"]
[BlackElo "2136"]
[PlyCount "41"]
[EventDate "2010.01.30"]
[EventType "tourn (corr)"]
[EventRounds "6"]
[EventCountry "GER"]
[SourceTitle "Corr 2013"]
[Source "ChessBase"]
[SourceDate "2012.11.12"]
[SourceVersion "1"]
[SourceVersionDate "2012.11.12"]
[SourceQuality "1"]

1. e4 e5 2. Nf3 Nc6 3. Bb5 a6 4. Ba4 Nf6 5. 0-0 Nxe4 6. d4 b5 7. Bb3 d5 8. dxe5 Be6 9. Nbd2 Bc5 10. c3 0-0 11. Bc2 Nxf2 12. Rxf2 f6 13. exf6 Bxf2+ 14. Kxf2 Qxf6 15. Nf1 Ne5 16. Be3 Rae8 17. Bc5 Nxf3 18. gxf3 Rf7 19. Kg2 Qg5+ 20. Kh1 Qh5 21. Ng3 1/2-1/2

[Event "LSS SA-2010-0-00118"]
[Site "LSS email"]
[Date "2010.02.14"]
[Round "?"]
[White "Burkett, Max"]
[Black "Stilman, Eduardo"]
[Result "1/2-1/2"]
[WhiteElo "2142"]
[BlackElo "2092"]
[PlyCount "46"]
[EventDate "2010.01.30"]
[EventType "tourn (corr)"]
[EventRounds "6"]
[EventCountry "GER"]
[SourceTitle "Corr 2013"]
[Source "ChessBase"]
[SourceDate "2012.11.12"]
[SourceVersion "1"]
[SourceVersionDate "2012.11.12"]
[SourceQuality "1"]

1. e4 e5 2. Bc4 Nf6 3. d4 exd4 4. Nf3 Nxe4 5. Qxd4 Nf6 6. Nc3 Be7 7. Bg5 c6 8. 0-0-0 d5 9. Rhe1 Be6 10. Bd3 Nbd7 11. Qh4 Nc5 12. Nd4 Ng8 13. f4 Bxg5 14. fxg5 Ne7 15. Nxe6 Nxe6 16. Re2 Rf8 17. Bxh7 Qd6 18. Bd3 0-0-0 19. Qg4 Kb8 20. h4 Qc7 21. Rf2 d4 22. Ne4 Nd5 23. Qg3 Nef4 1/2-1/2

[Event "LSS SA-2010-0-00118"]
[Site "LSS email"]
[Date "2010.02.14"]
[Round "?"]
[White "Hrubaru, Mircea"]
[Black "Burkett, Max"]
[Result "1/2-1/2"]
[WhiteElo "2078"]
[BlackElo "2144"]
[PlyCount "57"]
[EventDate "2010.01.30"]
[EventType "tourn (corr)"]
[EventRounds "6"]
[EventCountry "GER"]
[SourceTitle "Telechess CBM 141"]
[Source "ChessBase"]
[SourceDate "2011.03.17"]
[SourceVersion "1"]
[SourceVersionDate "2011.03.17"]
[SourceQuality "1"]

1. e4 e5 2. Nf3 Nc6 3. d4 exd4 4. Nxd4 Qf6 5. Be3 Bc5 6. c3 Nge7 7. Bc4 a6 8. 0-0 0-0 9. Kh1 d6 10. Nxc6 Nxc6 11. Bxc5 dxc5 12. f4 Be6 13. Nd2 Rad8 14. Be2 Ne5 15. Qc1 Ng4 16. h3 Nh6 17. Nf3 Qe7 18. Re1 f6 19. Qe3 Nf7 20. Bd3 Rfe8 21. b3 Bd5 22. Re2 Bc6 23. e5 Bd5 24. Rf1 Qd7 25. Kg1 Qc6 26. Be4 Bxe4 27. Qxe4 Qxe4 28. Rxe4 fxe5 29. fxe5 1/2-1/2

[Event "LSS SA-2009-0-00106"]
[Site "LSS email"]
[Date "2010.01.02"]
[Round "?"]
[White "Burkett, Max"]
[Black "Llorente Alvarez, Jose Luis"]
[Result "1/2-1/2"]
[WhiteElo "2135"]
[BlackElo "2102"]
[PlyCount "62"]
[EventDate "2009.12.11"]
[EventType "tourn (corr)"]
[EventRounds "6"]
[EventCountry "GER"]
[SourceTitle "Corr 2013"]
[Source "ChessBase"]
[SourceDate "2012.11.12"]
[SourceVersion "1"]
[SourceVersionDate "2012.11.12"]
[SourceQuality "1"]
[WhiteTeam "US of America"]
[BlackTeam "US of America"]
[WhiteTeamCountry "USA"]
[BlackTeamCountry "USA"]

1. e4 e5 2. Bc4 Nc6 3. Nf3 Bc5 4. b4 Bxb4 5. c3 Ba5 6. d4 d6 7. Qb3 Qd7 8. dxe5 Bb6 9. Bb5 Qe6 10. Ba3 Qg6 11. Nbd2 Nge7 12. exd6 cxd6 13. 0-0 0-0 14. Rad1 Be6 15. Qa4 Rfd8 16. Nc4 Bg4 17. Rxd6 Rxd6 18. Nh4 Qg5 19. Bxd6 Be2 20. Rb1 Bxc4 21. Bxc4 Bxf2+ 22. Kxf2 Qd2+ 23. Kg1 Qxd6 24. Qb5 Ne5 25. Qxb7 Rd8 26. Qb4 Qf6 27. Nf5 Nxf5 28. exf5 a5 29. Qc5 Nxc4 30. Qxc4 Qxf5 31. Rf1 Qd7 1/2-1/2

[Event "LSS CP-2009-P-00023"]
[Site "LSS email"]
[Date "2009.09.27"]
[Round "?"]
[White "Burkett, Max"]
[Black "Bourgoin, Claude"]
[Result "1-0"]
[WhiteElo "2138"]
[BlackElo "1863"]
[PlyCount "119"]
[EventDate "2009.10.01"]
[EventType "tourn (corr)"]
[EventRounds "6"]
[EventCountry "GER"]
[SourceTitle "Corr 2013"]
[Source "ChessBase"]
[SourceDate "2012.11.12"]
[SourceVersion "1"]
[SourceVersionDate "2012.11.12"]
[SourceQuality "1"]
[WhiteTeam "US of America"]
[BlackTeam "US of America"]
[WhiteTeamCountry "USA"]
[BlackTeamCountry "USA"]

1. e4 e5 2. Bc4 Nf6 3. d4 exd4 4. Nf3 Nxe4 5. Qxd4 Nf6 6. Nc3 Nc6 7. Qh4 Bb4 8. 0-0 Bxc3 9. bxc3 0-0 10. Bg5 h6 11. Bd3 hxg5 12. Nxg5 g6 13. f4 Kg7 14. f5 Rh8 15. Qg3 Nh5 16. f6+ Kf8 17. Qf2 d5 18. Rae1 Qd6 19. c4 Nd8 20. Bxg6 fxg6 21. Qe3 Bd7 22. Qe7+ Qxe7 23. fxe7+ Kg7 24. exd8Q Raxd8 25. Re7+ Kg8 26. Rfe1 Bc6 27. Nf7 Rc8 28. Nxh8 Kxh8 29. R1e6 Rg8 30. g4 Nf4 31. Rf6 Nh3+ 32. Kg2 Ng5 33. h4 Nh7 34. Rff7 dxc4+ 35. Kg3 Nf8 36. Rxc7 c3 37. Rfe7 a6 38. a3 Bd5 39. a4 Bc6 40. a5 Bd5 41. Kf2 Bc6 42. Ke3 g5 43. h5 Bd5 44. h6 Rg6 45. Rc8 Rg8 46. Ree8 Ng6 47. Kd4 Nf4 48. Rxg8+ Bxg8 49. Rb8 Kh7 50. Rxb7+ Kxh6 51. Rb6+ Kg7 52. Rxa6 Be6 53. Rc6 Bxg4 54. Ke4 Bh3 55. Rxc3 Bg2+ 56. Ke5 Bf1 57. Rc7+ Kh6 58. Rc6+ Ng6+ 59. Kf6 Nf4 60. a6 1-0

[Event "LSS CP-2009-P-00023"]
[Site "LSS email"]
[Date "2009.09.27"]
[Round "?"]
[White "Segovia, Didier"]
[Black "Burkett, Max"]
[Result "0-1"]
[WhiteElo "394"]
[BlackElo "2137"]
[PlyCount "56"]
[EventDate "2009.10.01"]
[EventType "tourn (corr)"]
[EventRounds "6"]
[EventCountry "GER"]
[SourceTitle "Telechess CBM 137"]
[Source "ChessBase"]
[SourceDate "2010.07.15"]
[SourceVersion "1"]
[SourceVersionDate "2010.07.15"]
[SourceQuality "1"]

1. e4 b6 2. d4 Bb7 3. d5 e6 4. Nc3 Nf6 5. Bg5 Be7 6. Nf3 Nxd5 7. Bxe7 Nxe7 8. g3 d6 9. Bg2 0-0 10. 0-0 Nd7 11. Ne2 Bxe4 12. c3 d5 13. Ned4 c5 14. Nb5 Nf6 15. a4 Nc6 16. Qd2 a6 17. Na3 Na5 18. Ne5 Nb3 19. Qe3 Nxa1 20. Rxa1 d4 21. cxd4 cxd4 22. Qd2 Bxg2 23. Kxg2 Qd5+ 24. Nf3 e5 25. Nc2 e4 26. Qxd4 exf3+ 27. Kg1 Rad8 28. Rd1 Qa8 0-1